|
|
|
|
| LEADER |
01091nam a2200253 a 4500 |
| 001 |
GR-MES13314 |
| 008 |
071008s xxk b 001 0 gre d |
| 020 |
|
|
|a 0750630817
|
| 040 |
|
|
|a GrPaTEI
|b gre
|c GR-PaULI
|
| 040 |
|
|
|a GrPaTEI
|b gre
|c GR-PaULI
|
| 082 |
|
0 |
|a 620.11
|2 21
|
| 100 |
1 |
|
|a Ashby, M. F.
|
| 245 |
1 |
0 |
|a Engineering materials 1 :
|b an introduction to their properties and applications /
|c by Michael F. Ashby and David R. H. Jones.
|
| 250 |
|
|
|a 2nd ed.
|
| 260 |
|
|
|a Oxford :
|b Butterworth-Heinemann,
|c c1996
|
| 300 |
|
|
|a viii, 306σ. :
|b εικ.,εικ. ;
|c 25εκ.
|
| 504 |
|
|
|a Περιλαμβάνει βιβλιογραφίες και ευρετήριο.
|
| 653 |
|
|
|a Engineering--Materials
|
| 653 |
|
|
|a Μηχανική--Υλικά
|
| 700 |
1 |
|
|a Jones, David Rayner Hunkin,
|d 1945-
|
| 942 |
|
|
|2 ddc
|
| 952 |
|
|
|0 0
|1 0
|2 ddc
|4 0
|6 620_110000000000000_ASH
|7 0
|9 271826
|a MSLG
|b MSLG
|c BSC
|d 2021-01-17
|e 24
|f 0
|g 0.00
|l 0
|o 620.11 ASH
|p 2420000018979
|r 2021-01-17 00:00:00
|t 1
|w 2021-01-17
|y BK15
|x 20071008 0 ΓΑΒΡΙΝΑ 1
|x GrPaTEI
|
| 971 |
|
|
|a .b25793627
|b 16-04-20
|c 13-09-16
|
| 999 |
|
|
|c 157092
|d 157092
|